00650 a2200145 4500003000500000005001700005040000900022082001200031100002100043245004100064260004600105300001200151505031800163650002300481NUST20221229175914.0 cNust a357,SHU aShulman, Milton  aDefeat in the west /cMIlton Shulman aRawlapindibArmy education pressc1996-97 a336, p: aIntroduction (Page-v), Book One , The Road to Defeat , Part-1: The Causes (Page-1), Part-2: The Beginnings (Page-21), Part-3: The Mistakes (Page-54), Book Two , Defeat in The West , Part-4: The Invasion (Page-88), Part-5: The Decline (Page-122), Part-6: The Counter-Blow (Page-222), Part-7: The End (Page-262).  aDefeat in the west